| 000 | 00574nam a2200205 4500 | ||
|---|---|---|---|
| 001 | 44922 | ||
| 090 | _a44922 | ||
| 100 | _a20251010 pory50 | ||
| 101 | _apor | ||
| 102 | _aPT | ||
| 200 |
_aAristóteles _evida , pensamento e obra _fFrederick Copleston _gversão port. João quina edições _gtrad. Maria da graça Pinhão |
||
| 210 |
_a[S.l.] _cPlaneta DeAgostini _cdist. Público _d[D.L. 2008] |
||
| 215 |
_a383 p. _cil. |
||
| 225 |
_aGrandes Pensadores _v2 |
||
| 600 | _aAristóteles | ||
| 675 | _a008 | ||
| 675 | _a929 | ||
| 675 | _a1 | ||
| 801 |
_aPT _gRPC |
||
| 990 | _cLIVROS | ||